00776nam a2200217 i 4500001000300000245013100003250001500134260005100149300004300200504002400243650003600267655003000303700001900333015001500352020001500367040000800382041000800390080002100398008004100419856009800460bg00aHandel zagraniczny :borganizacja i technika : praca zbiorowa /cpod red. nauk. Jana Rymarczyka ; aut. Jan Rymarczyk [et al.]. aWyd. 4 zm. aWarszawa :bPolskie Wydaw. Ekonomiczne,c2005. a432, [3] s. :bil. ;c24 cm +eCD ROM. aBibliogr. - Indeks. 9aHandel zagranicznyxorganizacja aPodręczniki akademickie1 aRYMARCZYK, Jan aPB 98/2002 a8320815681 cBPK0 apol a339.5.008(075.8) s pl f |000 0 pol  uhttp://koha.tu.koszalin.pl/cgi-bin/koha/opac-detail.pl?biblionumber=46229yKatalog online BPK